Organizácia a riadenie systému ochrany rastlín SSR záverečná práca postgraduálneho štúdia
Uložené v:
| Hlavný autor: | |
|---|---|
| Korporativný autor: | |
| Ďalší autori: | |
| Médium: | Kniha |
| Jazyk: | Slovak |
| Vydavateľské údaje: |
Bratislava
1989
|
| Tagy: |
Žiadne tagy, Buďte prvý, kto otaguje tento záznam!
|
MARC
| LEADER | 00000nam a2200000 4500 | ||
|---|---|---|---|
| 001 | c036728 | ||
| 005 | 20230116104809.3 | ||
| 041 | 0 | |a slo | |
| 044 | |a SK | ||
| 245 | 1 | 0 | |a Organizácia a riadenie systému ochrany rastlín SSR |b záverečná práca postgraduálneho štúdia |c Igor Grebáč ; ved. práce Tibor Barri |
| 264 | 1 | |a Bratislava |c 1989 | |
| 300 | |a 49 s. | ||
| 100 | 1 | |a Grebáč, Igor | |
| 700 | 1 | |a Barri, Tibor | |
| 710 | 2 | |a Vysoká škola ekonomická v Bratislave | |